000 00705nam a2200265Ia 4500
005 20260121170909.0
008 008 260114s9999 xx 000 0 eng d
020 _a9783030024727
037 _aEBOOK
040 _aCRL
040 _beng
040 _cCRL
041 _2eng
041 _aeng
084 _qCRL
100 _aAjay Babu Pazhayattil, Naheed Sayeed-Desta, Emilija Fredro-Kumbaradzi, Jordan Collins
_91069518
245 0 _aSolid Oral Dose Process Validation
260 _bSpringer
260 _bSpringer
260 _c2018
856 _uhttps://link.springer.com/openurl?genre=book&isbn=978-3-030-02472-7
942 _cEBOOK
999 _c1635248
_d1635248